|
|
|
|
| LEADER |
00000cam a2200000 7i4500 |
| 001 |
0000006008 |
| 005 |
20090107.0 |
| 040 |
|
|
|a INS
|
| 090 |
0 |
0 |
|a VCD 900
|
| 245 |
0 |
0 |
|a Teori dan praktikal memandi dan mengkapankan jenazah
|c oleh Ust. Ahmad Sapuan Md. Nayan :
|b 24 November 1998 [
|h cakera video]
|
| 260 |
|
|
|a Bangi :
|b Institut Penilaian Negara ,
|c 1998
|
| 300 |
|
|
|a 1 cakera video (73 min. 36s) :
|b by., wrn. ;
|c 4 3/4 in.
|
| 500 |
|
|
|a Juga terdapat dalam format VHS : VHS 796
|
| 710 |
1 |
|
|a Institut Penilaian Negara
|
| 999 |
|
|
|a VCD0000900
|b VIDEO CD
|c Media Collection
|e Default branch
|